000 00265nam a22001097a 4500
008 170112b xxu||||| |||| 00| 0 eng d
020 _a9780131182677
041 _aeng
080 _27TH
_a618.2
245 _aLABORATORY AND DIAGNOSTIC TESTS
_cKEE, J.L
942 _2udc
_cBK
999 _c2740
_d2740